[Event "NED-ch U17"]
[Site "Haarlem"]
[Date "2012.05.02"]
[Round "5"]
[White "Wouters, Florian"]
[Black "Senders, Mischa"]
[Result "0-1"]
[WhiteElo "1308"]
[BlackElo "1895"]
[PlyCount "84"]
[EventDate "2012.04.28"]
[EventType "swiss"]
[EventRounds "9"]
[EventCountry "NED"]
[SourceTitle "EXT 2013"]
[Source "ChessBase"]
[SourceDate "2012.11.22"]
[SourceVersion "1"]
[SourceVersionDate "2012.11.22"]
[SourceQuality "1"]

1. e4 c5 2. Nf3 d6 3. d4 cxd4 4. Nxd4 Nf6 5. Nc3 a6 6. Be2 Nbd7 7. Be3 e6 8. Qd2 b5 9. a3 Bb7 10. f3 d5 11. Bd3 e5 12. Nxd5 Nxd5 13. exd5 exd4 14. Bxd4 Bxd5 15. 0-0-0 Nf6 16. Qg5 Be7 17. Qxg7 Rg8 18. Qh6 Be6 19. Bxh7 Nxh7 20. Qxh7 Rf8 21. Bg7 Qc7 22. Bxf8 Bxf8 23. Qe4 Rc8 24. f4 Bh6 25. g3 Kf8 26. Rd2 Bg7 27. Qd3 Kg8 28. h4 Qc5 29. h5 Bf5 30. Qb3 Be4 31. Re1 Qxh5 32. Kb1 Bg6 33. Rf1 Qf5 34. Kc1 a5 35. a4 bxa4 36. Qxa4 Rb8 37. Rh1 Bxb2+ 38. Kd1 Qg4+ 39. Re2 Rd8+ 40. Ke1 Qxg3+ 41. Kf1 Rd1+ 42. Re1 Rxe1# 0-1

[Event "NED-ch U17"]
[Site "Haarlem"]
[Date "2012.05.01"]
[Round "4"]
[White "Keetman, Dennis"]
[Black "Wouters, Florian"]
[Result "1/2-1/2"]
[WhiteElo "1846"]
[BlackElo "1308"]
[PlyCount "115"]
[EventDate "2012.04.28"]
[EventType "swiss"]
[EventRounds "9"]
[EventCountry "NED"]
[SourceTitle "EXT 2013"]
[Source "ChessBase"]
[SourceDate "2012.11.22"]
[SourceVersion "1"]
[SourceVersionDate "2012.11.22"]
[SourceQuality "1"]

1. e4 c5 2. Nc3 a6 3. f4 e6 4. Nf3 b5 5. d4 cxd4 6. Nxd4 Bb7 7. Bd3 Nc6 8. Be3 Rc8 9. 0-0 Nxd4 10. Bxd4 Bc5 11. Bxc5 Rxc5 12. e5 Nh6 13. Qe2 d5 14. Rad1 0-0 15. Rf3 Qh4 16. Rdf1 Qg4 17. Qf2 d4 18. Rg3 Qh5 19. Rh3 Qg4 20. Rg3 Qh5 21. Qxd4 Rfc8 22. Be4 Nf5 23. Bxf5 Qxf5 24. Qd1 h6 25. Rf2 b4 26. Na4 Rxc2 27. Rxc2 Qxc2 28. Qxc2 Rxc2 29. b3 Rxa2 30. Nb6 Be4 31. Nc4 Ra1+ 32. Kf2 Ra2+ 33. Kf1 Kf8 34. h3 a5 35. h4 h5 36. Nb6 g6 37. Nd7+ Ke7 38. Nc5 Bc2 39. Re3 Rb2 40. Ke1 a4 41. Nxa4 Rxb3 42. Rxb3 Bxb3 43. Nc5 Bd5 44. g3 b3 45. Kd2 f6 46. Kc3 fxe5 47. fxe5 Kf7 48. Nd3 g5 49. hxg5 Kg6 50. Kb2 Kxg5 51. Kc3 Kf5 52. Kb2 Kg4 53. Nf4 Kg5 54. Kc3 Kf5 55. Nxh5 Kxe5 56. Nf4 Ke4 57. Nxd5 exd5 58. Kxb3 1/2-1/2